000
00257nam a2200097Ia 4500
005
20251222114404.0
008
251222s1900||||xx |||||||||||||| ||spa||
082
_a
DVD0080/G57
245
0
_a
MarĂa: Madre del hijo de Dios:Maria mae do filho de Deus
942
_c
DVD
999
_c
1774
_d
1774